| 000 | 00829nam a2200265Ia 4500 | ||
|---|---|---|---|
| 003 | GCL | ||
| 008 | 140319s9999 xx 000 0 ara d | ||
| 040 |
_aGCL / _cGCL |
||
| 082 | 0 | 4 |
_aق _b962.16 _bع خ |
| 100 | 1 | _aعلى باشا مبارك | |
| 245 | 1 | 0 |
_aالخطط التوفيقية الجديدة لمصر القاهرة ( الجزء الثلث ) / _cعلى باشا مبارك |
| 260 |
_a[S.N] : _bالهيئة المصرية العامة للكتاب ، _c1983 |
||
| 300 | _a450 ص | ||
| 490 | _a | ||
| 650 | 0 | 4 | _aالاثار الاسلامية |
| 650 | 0 | 4 | _aاحياء وضواحى |
| 650 | 0 | 4 | _aحمامات عامة |
| 650 | 0 | 4 | _aكنائس |
| 650 | 0 | 4 | _aالمساجد |
| 650 | 0 | 4 | _aالمعابد |
| 650 | 0 | 4 | _aالشوارع |
| 650 | 0 | 4 | _aاوقاف |
| 650 | 0 | 4 | _aالقاهرة |
| 942 |
_2ddc _cBK |
||
| 999 |
_c30417 _d30417 |
||